000
00300nam a2200109Ia 4500
008
190906s9999||||xx |||||||||||||| ||und||
100
_a
Tehmina Durrani
245
0
_a
Abdul Sattar Edhi : An Autobiography A Mirror To The Blind
260
_a
New York
_b
Addison -Wesley
_c
2001
300
_a
380
942
_c
BK
999
_c
5926
_d
5926